Statistics for 50 Largest Islands in Order

Click here to take the quiz!

General Stats

  • This quiz has been taken 37 times
    (25 since last reset)
  • The average score is 15 of 50

Answer Stats

AreaIsland% Correct
2,131,000 km²Greenland
100%
743,000 km²Borneo
74%
588,000 km²Madagascar
65%
786,000 km²New Guinea
65%
443,000 km²Sumatra
65%
507,000 km²Baffin Island
61%
226,000 km²Honshu
48%
106,000 km²Cuba
43%
196,000 km²Ellesmere Island
39%
209,000 km²Great Britain
39%
79,000 km²Hokkaido
39%
102,000 km²Iceland
39%
84,000 km²Ireland
39%
139,000 km²Java
39%
98,000 km²Mindanao
39%
109,000 km²Newfoundland
39%
112,000 km²North Island
39%
181,000 km²Sulawesi
39%
217,000 km²Victoria Island
39%
110,000 km²Luzon
35%
146,000 km²South Island
35%
66,000 km²Sri Lanka
35%
72,000 km²Sakhalin
30%
26,000 km²Sicily
30%
70,000 km²Banks Island
26%
74,000 km²Hispaniola
26%
37,000 km²Kyushu
26%
65,000 km²Tasmania
26%
36,000 km²Taiwan
22%
43,000 km²Axel Heiberg Island
17%
22,000 km²Sardinia
17%
19,000 km²Shikoku
17%
31,000 km²Vancouver Island
17%
49,000 km²Alexander Island
13%
55,000 km²Devon Island
13%
33,000 km²Hainan
13%
47,000 km²Isla Grande de Tierra del Fuego
13%
40,000 km²Marajó
13%
42,000 km²Melville Island
13%
35,000 km²Prince of Wales Island
9%
25,000 km²Somerset Island
9%
41,000 km²Southampton Island
9%
39,000 km²Spitsbergen
9%
28,000 km²Timor
9%
20,000 km²Bananal
4%
44,000 km²Berkner Island
4%
35,000 km²New Britain
4%
46,000 km²Severny Island
4%
34,000 km²Yuzhny Island
4%
24,000 km²Kotelny Island
0%

Score Distribution

Percentile by Number Answered

Percent of People with Each Score

Your Score History

You have not taken this quiz since the last reset